Archaeoastronomy :The Bulletin of the Center for Archaeoastronomy /
Salvato in:
| Altri autori: | |
|---|---|
| Natura: | Libro |
| Lingua: | inglese |
| Pubblicazione: |
Maryland, EUA :
University of Maryland, Center for Archaeoastronomy,
c1977-1982
|
| Tags: |
Nessun Tag, puoi essere il primo ad aggiungerne!!
|
MARC
| LEADER | 00000nam^a2200000^a^4500 | ||
|---|---|---|---|
| 001 | 000561510 | ||
| 005 | 20250526000000.0 | ||
| 009 | 20260310131924.721 | ||
| 022 | |a 0190-9940 | ||
| 037 | |a Acervo ITESO - Biblioteca | ||
| 041 | |a ING | ||
| 091 | |a FHA. 02864 | ||
| 245 | 0 | 0 | |a Archaeoastronomy :The Bulletin of the Center for Archaeoastronomy / |
| 264 | 4 | |a Maryland, EUA : |b University of Maryland, Center for Archaeoastronomy, |c c1977-1982 | |
| 300 | |a 20 v. (varias paginaciones) ; |c 28.0 cm. | ||
| 336 | |a texto |b txt |2 rdacontenido | ||
| 337 | |a sin mediación |b n |2 rdamedio | ||
| 338 | |a volumen |b nc |2 rdasoporte | ||
| 515 | |a Inventario familia Hartung: 1040-1060 | ||
| 649 | |a XX | ||
| 700 | |a Carlson, John B. |e (edición) | ||
| 910 | |a Fondo Horst Hartung Franz | ||
| 920 | |a Impresos - Libros | ||
| 930 | |a Libros Antiguos y Raros | ||
| 905 | |a 135 | ||
| 901 | |a 0500333055 |b IT2 |c LRA |i D |u 20250526 | ||
| 901 | |a 0500333116 |b IT2 |c LRA |i D |u 20250526 | ||
| 901 | |a 0500333115 |b IT2 |c LRA |i D |u 20250526 | ||
| 901 | |a 0500333114 |b IT2 |c LRA |i D |u 20250526 | ||
| 901 | |a 0500333113 |b IT2 |c LRA |i D |u 20250526 | ||
| 901 | |a 0500333224 |b IT2 |c LRA |i D |u 20250526 | ||
| 901 | |a 0500333225 |b IT2 |c LRA |i D |u 20250526 | ||
| 901 | |a 0500333223 |b IT2 |c LRA |i D |u 20250526 | ||
| 901 | |a 0500333220 |b IT2 |c LRA |i D |u 20250526 | ||
| 901 | |a 0500333219 |b IT2 |c LRA |i D |u 20250526 | ||
| 901 | |a 0500333218 |b IT2 |c LRA |i D |u 20250526 | ||
| 901 | |a 0500333232 |b IT2 |c LRA |i D |u 20250526 | ||
| 901 | |a 0500333233 |b IT2 |c LRA |i D |u 20250526 | ||
| 901 | |a 0500333231 |b IT2 |c LRA |i D |u 20250526 | ||
| 901 | |a 0500333230 |b IT2 |c LRA |i D |u 20250526 | ||
| 901 | |a 0500333229 |b IT2 |c LRA |i D |u 20250526 | ||
| 901 | |a 0500333228 |b IT2 |c LRA |i D |u 20250526 | ||
| 901 | |a 0500333221 |b IT2 |c LRA |i D |u 20250526 | ||
| 901 | |a 0500333226 |b IT2 |c LRA |i D |u 20250526 | ||
| 901 | |a 0500333043 |b IT2 |c LRA |i D |u 20250526 | ||
| 901 | |a 0500333222 |b IT2 |c LRA |i D |u 20250526 | ||
| 902 | |a https://opac.biblio.iteso.mx/vufind/Record/000561510 | ||